000
00253nam a22001097a 4500
082
_a
808.3 THA'V
100
_a
THACKERAY, W. M
_9
57778
245
_a
VANITY FAIR A NOVEL WITHOUT A HERO
260
_a
LONDON
_b
COLLINS
_c
1954
300
_a
640P
942
_c
BK
999
_c
568034
_d
568034